| 000 | 01230 a2200241 4500 | ||
|---|---|---|---|
| 001 | 24235 | ||
| 005 | 20260407155527.0 | ||
| 008 | 260407a2013 arg spa d | ||
| 003 | AR-UNSa-BCEJYS | ||
| 040 |
_aAR-UNSa-BCEJYS _bspa _cAR-UNSa-BCEJYS |
||
| 080 |
_a657 _xContabilidad |
||
| 245 | 1 | 0 |
_aNormas contables para entes cooperativos _pAnálisis y aplicación de la RT Nº 24 de la FACPACE y sus normas complementarias. |
| 020 | _a978-987-157-7 | ||
| 264 | 1 |
_aBuenos Aires : _bOsmar D. Buyatti _c2013 |
|
| 300 |
_a314 p. _c22 cm. |
||
| 505 | _a1º Parte: Cuestiones previas al estudio de las normas: 1. El contexto normativo vigente para las cooperativas - 2. Conceptos previos e introductorios a la emisión de las normas de la RT24 - 2º Parte: Normas referidas a los estados contables básicos, a la información complementaria y aplicación práctica de las mismas | ||
| 942 | _cBK | ||
| 590 | _aniveau_biblio:m niveau_hierar:0 | ||
| 100 | 1 | _aTorres, Carlos Federico | |
| 650 | _aRESOLUCION TECNICA Nº 24 RESOLUCION TECNICA Nº 36 | ||
| 856 | 4 | 1 |
_uhttps://biblioeco.unsa.edu.ar/pmb/images/libros/Entes Cooperativos.jpg _yImagen de portada _qimage/jpeg |
| 650 | _a resolucion tecnica nº 24 resolucion tecnica nº 36 | ||
| 999 |
_c1166 _d1166 |
||